000 00601nam a2200205Ia 4500
003 GCL
008 140319s9999 xx 000 0 ara d
040 _aGCL /
_cGCL
082 0 4 _a398.05
_bل ن
100 1 _aلطفى الخورى
245 1 0 _aالتراث الشعبى /
_cلطفى الخورى
300 _a206 ص
490 _aالهيئة العامة للاستعلامات
_v0
650 0 4 _aالفولكلور
650 0 4 _aالادب الشعبى
650 0 4 _aالتراث الشعبى
650 0 4 _aالدوريات
650 0 4 _aالفولكلور العربى
942 _2ddc
_cBK
999 _c51035
_d51035